• 首页
  • 本馆介绍
  • 公告通知
  • 最新文献
  • 馆藏检索
  • 电子资源
  • 读者荐购
  • 参考咨询
  • CALIS
  • 我的图书馆
  • 登录
  • 详细信息显示
  • 放入我的书架
  • 预约/预借图书
  • 作者相关作品
  • 分类相关作品
  • 丛书相关作品
  • 出版社相关作品

书目信息

  • 表格格式
  • 工作单格式
  • 卡片格式
题名:
关系营销
    
 
作者: 张艳芳 编著
分册:  
出版信息: 成都   西南财经大学出版社  2007.04
页数: 232页
开本: 24cm
丛书名: 经典营销丛书
单 册:
中图分类: F713.50
科图分类:
主题词: 市场营销学--shi chang ying xiao xue
电子资源:
ISBN: 978-7-81088-667-3
 
 
 
 
 
000 01042nam 2200265 450
001 012008651267
005 20080626160150.93
010    @a978-7-81088-667-3@dCNY25.00
100    @a20080626d2007 em y0chiy0120 ea
101 0  @achi
102    @aCN@b510000
105    @aa z 000yy
106    @ar
200 1  @a关系营销@Aguan xi ying xiao@e创造买卖双方稳定和互助的伙伴关系@f张艳芳编著@Fzhang yan fang bian zhu
210    @a成都@c西南财经大学出版社@d2007.04
215    @a232页@c图@d24cm
225 2  @a经典营销丛书@Ajing dian ying xiao cong shu
330    @a本套经典营销丛书分别从:关系营销、服务营销、价值营销、病毒营销、体验营销、情感营销、渠道营销、品牌营销、危机营销等方面展开市场营销学论述。
410  0 @12001 @a经典营销丛书
517 1  @a创造买卖双方稳定和互助的伙伴关系@Achuang zao mai mai shuang fang wen ding he hu zhu de huo ban guan xi
606 0  @a市场营销学@Ashi chang ying xiao xue
690    @aF713.50@v4
701  0 @a张艳芳@Azhang yan fang@4编著
801  0 @aCN@bQSSK@c20080626
905    @b729388-90@dF713.50@eZ221@f3
    
    关系营销:创造买卖双方稳定和互助的伙伴关系/张艳芳编著.-成都:西南财经大学出版社,2007.04
    232页:图;24cm.-(经典营销丛书)
    
    
    ISBN 978-7-81088-667-3:CNY25.00
    本套经典营销丛书分别从:关系营销、服务营销、价值营销、病毒营销、体验营销、情感营销、渠道营销、品牌营销、危机营销等方面展开市场营销学论述。
●
相关链接 在E读中查询图书 在当当中查询图书 在豆瓣中查询图书


正题名:关系营销     索取号:F713.50/Z221         预约/预借

序号 登录号 条形码 馆藏地/架位号 状态 备注
1 729388   207293882   社科库409/409社科库 44排1列2层/ [索取号:F713.50/Z221] 在馆    
2 729389   207293891   管理学院资料室/ [索取号:F713.50/Z221] 在馆    
3 729390   207293908   社科库409/409社科库 44排1列2层/ [索取号:F713.50/Z221] 在馆    
河南城建学院图书馆 欢迎您!
大连网信软件有限公司© 版权所有